000 00797nmc a2200289 a 4500
003 AR-BaBNM
005 20251128205114.0
008 136019s1986 ||||||||||||||000 | spa||
020 _a950-25-0134-9
040 _cAR-BaBNM
100 1 _aCoggiola, Osvaldo
245 1 0 _aEl trotskismo en la Argentina
_b1960-1985. 2
260 _aBuenos Aires
_bCentro Editor de América Latina
_c1986
300 0 _a213 p.
490 0 _aBiblioteca política argentina
_vv. 135
650 4 _aPOLITICA
650 4 _aHISTORIA POLITICA ARGENTINA
650 4 _aSOCIALISMO
650 4 _aCOMUNISMO
650 4 _aIDEOLOGIAS POLITICAS
650 4 _aPARTIDOS POLITICOS ARGENTINOS
651 4 _aArgentina
653 0 _aTROTSKISMO
800 1 _aTroncoso, Oscar
_edirector
942 _cBK
998 _cEnrique
999 _c10010
_d10010